Least Peaceful Countries - Statistics

General Stats
  • This quiz has been taken 32 times
  • The average score is 5 of 9
Answer Stats
Answer % Correct
Syria
94%
Iraq
84%
Afghanistan
71%
Somalia
68%
Sudan
52%
Yemen
52%
South Sudan
48%
Libya
42%
Central African Republic
13%
No matching quizzes found
Score Distribution
Percent of People with Each Score
Percentile by Number Answered
Your Score History
You have not taken this quiz